00145nam a22000737a 4500040000800000082001700008100002700025245001900052 cDLC a297.122bNAZ aAhmad, Chaudhry Nazeer aAhkam ul Quran